01344nam a2200241Ia 4500001001100000003001000011008004100021040002500062041001300087100002700100245002400127250001100151260006600162300002700228500024100255501011400496520024100610650003400851942000700885957000600892999004200898952016200940L235-10000IT-CnALBA170116s9999||||xx |||||||||||||| ||und|| aIT-CnALBAcIT-CnALBA aITALIANO aCUTTAZ FRANCOIS, MONS. 0aCOME LEI. (MARIA).  a1a ed. aCINISELLO BALSAMO (MI)bEDIZIONI PAOLINEc1962 [1° Ed.:1962] a244 p. (prefazione: 7) aTRADUZIONE DAL FRANCESE DI AMADEI C. VERGINE CREDENTE. FIDENTE. AMANTISSIMA. PER LA GLORIA DI DIO. UMILISSIMA. PER LA CHIESA NASCENTE. SOTTOMESSA. OBBEDIENTE. SANTA. ORANTE. FEDELE. MARIA E L'EUCARESTIA. DONNA FORTE. LITANIE LAURETANE.  aSocietà San Paolo EM - Piazza San Paolo, 14 - 12051 ALBA (CN) (non commercial uses only) ® Copyright 2017 aTRADUZIONE DAL FRANCESE DI AMADEI C. VERGINE CREDENTE. FIDENTE. AMANTISSIMA. PER LA GLORIA DI DIO. UMILISSIMA. PER LA CHIESA NASCENTE. SOTTOMESSA. OBBEDIENTE. SANTA. ORANTE. FEDELE. MARIA E L'EUCARESTIA. DONNA FORTE. LITANIE LAURETANE.  aMARIA SS. ANGELI SANTI DEMONI cBK 71 a14753bNOg Copie: 1 c269178d269178 0010406L_2351000071aALBAbALBAd2017-01-16l0oL235-10000r2017-01-16 00:00:00w2017-01-16yBKz(data import: 16 gennaio 2017) - By Epidotti, Vaglietti.